[Event "Harburg-chJ 9th"]
[Site "Hamburg"]
[Date "2011.08.20"]
[Round "3"]
[White "Akbari, Sajad Ali"]
[Black "Krause, Volker"]
[Result "1/2-1/2"]
[WhiteElo "773"]
[BlackElo "950"]
[PlyCount "53"]
[EventDate "2011.08.19"]
[EventType "tourn"]
[EventRounds "6"]
[EventCountry "GER"]
[SourceTitle "EXT 2012"]
[Source "ChessBase"]
[SourceDate "2011.11.24"]
[SourceVersion "1"]
[SourceVersionDate "2011.11.24"]
[SourceQuality "1"]

1. e4 c5 2. Nf3 d6 3. d4 cxd4 4. Nxd4 Nc6 5. Bb5 Bd7 6. Nxc6 bxc6 7. Bd3 e5 8. 0-0 Nf6 9. Nc3 Be7 10. h3 0-0 11. b3 Be6 12. f4 Qa5 13. Qe1 Rad8 14. Na4 Qxe1 15. Rxe1 Nh5 16. fxe5 dxe5 17. Be3 Rd7 18. Bf2 Nf4 19. Nc5 Bxc5 20. Bxc5 Nxd3 21. cxd3 Rfd8 22. Bxa7 Rxa7 23. Re3 f5 24. exf5 Bxf5 25. Rxe5 Bxd3 26. a4 Bc2 27. Re3 1/2-1/2

[Event "Harburg-chJ 9th"]
[Site "Hamburg"]
[Date "2011.08.20"]
[Round "2"]
[White "Dittmann, Willi"]
[Black "Akbari, Sajad Ali"]
[Result "0-1"]
[WhiteElo "804"]
[BlackElo "773"]
[PlyCount "84"]
[EventDate "2011.08.19"]
[EventType "tourn"]
[EventRounds "6"]
[EventCountry "GER"]
[SourceTitle "EXT 2012"]
[Source "ChessBase"]
[SourceDate "2011.11.24"]
[SourceVersion "1"]
[SourceVersionDate "2011.11.24"]
[SourceQuality "1"]

1. d4 e6 2. e4 d5 3. exd5 exd5 4. Qe2+ Be7 5. Nc3 Nf6 6. Bg5 0-0 7. 0-0-0 Nc6 8. Qe3 Re8 9. Bb5 Ng4 10. Qe2 Bxg5+ 11. Kb1 Rxe2 12. Ngxe2 Nxf2 13. Rhe1 Nxd1 14. Rxd1 Bg4 15. h3 Bxe2 16. Nxe2 a6 17. Bxc6 bxc6 18. g3 Qe7 19. Nc3 Re8 20. h4 Bh6 21. b3 Qe1 22. Rxe1 Rxe1+ 23. Kb2 Be3 24. Ka3 Bxd4 25. Kb2 Re3 26. Ka3 Rxc3 27. Ka4 Bb6 28. h5 Rxg3 29. h6 g5 30. a3 c5 31. c4 d4 32. b4 c6 33. b5 cxb5+ 34. cxb5 axb5+ 35. Kxb5 Rxa3 36. Kc4 d3 37. Kb5 d2 38. Kxb6 d1Q 39. Kxc5 Rc3+ 40. Kb5 Qb1+ 41. Ka4 Rc2 42. Ka3 Ra2# 0-1